[Event "Martorell op 34th"]
[Site "Martorell"]
[Date "2016.10.22"]
[Round "6"]
[White "Montero Montero, Cristobal"]
[Black "Ros Alonso, Joana"]
[Result "1/2-1/2"]
[WhiteElo "1823"]
[BlackElo "1787"]
[PlyCount "46"]
[EventDate "2016.09.17"]
[EventType "swiss"]
[EventRounds "9"]
[EventCountry "ESP"]
[SourceTitle "EXT 2018"]
[Source "ChessBase"]
[SourceDate "2017.10.13"]
[SourceVersion "1"]
[SourceVersionDate "2017.10.13"]
[SourceQuality "1"]

1. d4 Nf6 2. Nf3 g6 3. Bg5 Bg7 4. e3 0-0 5. Nbd2 d5 6. Bd3 c5 7. c3 Nc6 8. 0-0 c4 9. Bc2 b5 10. e4 Bb7 11. Re1 h6 12. Bh4 g5 13. Bxg5 hxg5 14. Nxg5 e5 15. exd5 Qxd5 16. Nde4 exd4 17. Nxf6+ Bxf6 18. Qh5 Rfd8 19. Qh7+ Kf8 20. Qh6+ Bg7 21. Nh7+ Kg8 22. Nf6+ Kf8 23. Nh7+ Kg8 1/2-1/2